000 00785nam a2200253 a 4500
001 67199
003 BD-RjUL
005 20211209081627.0
008 980416s1999 njua b 001 0 eng
020 _a0133747034
035 _a(BD-RjUL)67330
040 _aDLC
_cDLC
_dDLC
_dBD-RjUL
_beng
041 _aeng
082 0 0 _223
_a635.9
_bDOF 1999
100 1 _aDole, John M.
_9199073
245 1 0 _aFloriculture :
_bprinciples and species /
_cJohn M. Dole, Harold F. Wilkins.
260 _aUpper Saddle River, N.J. :
_bPrentice Hall,
_cc1999.
300 _aix, 613 p. :
_bill. ;
_c29 cm.
504 _aIncludes bibliographical references and index.
650 0 _aFloriculture.
_9115330
650 0 _aPlants, Ornamental.
_943978
700 1 _aWilkins, Harold F.
_9199074
942 _2ddc
_cBK
999 _c67199
_d67199